00927nac a22002171u 4500010001600000020001500016082001900031090001500050100003400065245006600099246002200165260005300187300002500240650003600265856008600301856007400387942002100461999001500482952010600497952010600603 a 00689235 a187870748500a621.381bM6629 c5095d5095 aMims, Forrest M. 14aThe Forrest Mims circuit scrapbook /cby Forrest M. Mims III.30aCircuit scrapbook aEagle Rock, VA :bLLH Technology Pub.,2000c2000 a1v :bill. ;c28 cm. 0aElectronicsvAmateurs' manuals.423Publisher descriptionuhttp://www.loc.gov/catdir/description/els031/00689235.html423Table of contentsuhttp://www.loc.gov/catdir/toc/els031/00689235.html cTBk621.381M6629 c5095d5095 00104070aMAINbMAINc1STd2007-10-01ePurchasel0o621.381 MIMp000005892r2025-07-15 00:00:00yNB 00104070aMAINbMAINc1STd2016-10-07ePurchasel0o621.381 MIMp000006176r2025-07-15 00:00:00yBB